000 00450nam a22001337a 4500
999 _c19082
_d19082
008 240212b ||||| |||| 00| 0 eng d
020 _a9780593724163
082 _22023
_aDFic
_bD323
100 _aDawson, Delilah S.
_952164
245 _aStar wars :
_binquisitor rise of the red blade /
_cDelilah S. Dawson.
260 _aUnited states of America :
_bRandom House Worlds,
_c©2023.
300 _a343 pages :
_billustrations ;
_c23 cm.
942 _2ddc
_cDFIC